000 01931nam a22003257a 4500
999 _c21994
_d21994
003 AR-CdUCM
008 190425b ||||| |||| 00| 0 spa d
040 _aMUNICIPALIDAD PROVINCIAL DEL CUSCO
_cBIBLIOTECA MUNICIPAL DEL CUSCO
082 _aSaqsaywaman/N°1/1970
110 _aPatronato Departamental de Arqueología del Cuzco
_947095
245 _aRevista Saqsaywaman /
_cMinisterio de Educación Pública, Patronato Departamental de Arqueología del Cuzco
260 _aCusco.
_bGarcilaso,
_c1970.
300 _a192 páginas. :
_bilustraciones, mapas ;
_c24 cm.
440 _aRevista Saqsaywaman.
_nN°1, julio 1970.
_947096
505 _aContenido: Trabajos de limpieza y consolidación, estudio e investigación. Luis A. Pardo. Oscar Ladrón de Guevara Avilés. -- Marco geográfico de Saccsayhuaman. Jorge de Olarte Estrada. -- Geología del grupo arqueológico de la fortaleza de Saccsayhuaman y sus vecindades. Calos Kalafatovich. -- Informe acerca de la flora de Sajsaiwaman. César Vargas Calderón. -- La fortaleza de Saccsayhuaman. Luis A. Pardo. -- Las microesculturas de Saqsaywaman. Alfredo Valencia Zegarra. -- Las tumbas de Saqsaywaman. Alfredo Valencia Zegarra. -- Saqsaywaman enterramiento en el sector de Rumipunku. Luis A. Pardo. -- La cerámica de Saqsaywaman. Jorge Yábar Moreno y Fidel Ramos Condori.
650 _aArqueología cusqueña
_99322
650 _aHistoria del Cusco
_91714
650 _aInkas
_91899
650 _aMonumentos históricos
_96891
700 _aPardo, Luis A
_925736
700 _aLadrón de Guevara Avilés, Oscar
_946572
700 _aDe Olarte Estrada, Jorge
_946801
700 _aVargas Calderón, César
_931066
700 _aValencia Zegarra, Alfredo
_918086
700 _aYábar Moreno, Jorge
_946561
700 _aRamos Condori, Fidel
_932486
856 _uhttp://bvirtual.culturacusco.gob.pe/items/show/114
_zLeer en digital
942 _2ddc
_cPP
945 _arac